000
00316nam a22001337a 4500
008
181016b xxu||||| |||| 00| 0 eng d
020
_a
15099
041
_a
eng
080
_a
316
100
_a
50
101
_a
SOC
245
_a
Introduction to Bivariate and Multivariate Analysis
_c
Lindeman, R.H
942
_2
udc
_c
BK
999
_c
49933
_d
49933